| 000 | 00470nam a22001697a 4500 | ||
|---|---|---|---|
| 005 | 20251108164209.0 | ||
| 008 | 250721s1976 xx 000 0 ara d | ||
| 082 | 1 | 4 | _a070.962/مصط |
| 100 | 1 | _aبدوي، مصطفى بهجت | |
| 245 | 1 | 0 | _aمن مذكرات رئيس تحرير / |
| 264 | 1 |
_aالقاهرة : _bمطبوعا الشعب، _c1976. |
|
| 300 | _a327ص | ||
| 650 | 1 | 7 | _aالصحافة |
| 650 | 1 | 7 | _aتاريخ مصر |
| 942 |
_2ddc _cBK |
||
| 999 |
_c6119 _d6119 |
||